000 00749nam a22002411 4500
001 4530149
003 OSt
005 20170105101209.0
008 790809r1959 ilu 000 0 eng
010 _a 59013122
040 _aDLC
_cDLC
_dDLC
050 0 0 _aHM61
_b.S6 1959
082 0 0 _a301.44
100 1 _aSorokin, Pitirim Aleksandrovich,
_d1889-1968.
245 1 0 _aSocial and cultural mobility.
260 _aGlencoe, Ill.,
_bFree Press
_c[1959]
300 _a645 p.
_c22 cm.
500 _a"Complete reprints of [the author's] Social mobility and chapter V from volume IV of Social and cultural dynamics."
650 0 _aSociology.
650 0 _aSocial history.
906 _a7
_bcbc
_corignew
_du
_eocip
_f19
_gy-gencatlg
942 _2ddc
_cBK
999 _c3124
_d3124